Vybrané aspekty cohousingu so zreteľom na cieľovú skupinu seniorov

Definícia cohousingu. Aspekty cohousingu v podobe dôsledkov na jeho rezidenta a pri príprave projektov tohto typu bývania. Faktory ovplyvňujúce rezidentov cohousingu. Dostupnosť cohousingu pre nízkopríjmové skupiny seniorov a nákladové aspekty prípravy a developerstva cohousingu. Štruktúra efektov c...

Descrizione completa

Salvato in:
Dettagli Bibliografici
Autore principale: Girašek, Jakub, 1996-
Natura: Capitolo di libro
Lingua:slovacco
Soggetti:
Tags: Aggiungi Tag
Nessun Tag, puoi essere il primo ad aggiungerne!!

MARC

LEADER 00000naa$a2200000$$$4500
001 0271318
005 20240502074251.8
041 0 |a slo 
044 |a SK 
245 1 0 |a Vybrané aspekty cohousingu so zreteľom na cieľovú skupinu seniorov  |c Jakub Girašek 
520 |a Definícia cohousingu. Aspekty cohousingu v podobe dôsledkov na jeho rezidenta a pri príprave projektov tohto typu bývania. Faktory ovplyvňujúce rezidentov cohousingu. Dostupnosť cohousingu pre nízkopríjmové skupiny seniorov a nákladové aspekty prípravy a developerstva cohousingu. Štruktúra efektov cohousingu a ťažkosti spojené so zakladaním cohousingu. Podnety z praxe krajín Európy. 
610 2 0 |a bývanie 
610 2 0 |a družstvá bytové 
610 2 0 |a Slovensko 
610 2 0 |a seniori 
100 1 |a Girašek, Jakub, 1996-